000 00279nam a2200121 i 4500
001 bg
245 0 _aOrganizacija zarodskich chimiceskich laboratorij.
260 _aMoskva,
_c1975.
040 _cBPK
041 _apol
942 _cKS
008 s pl f |000 0 pol
999 _c27432
_d27432
856 _uhttp://koha.tu.koszalin.pl/cgi-bin/koha/opac-detail.pl?biblionumber=27432
_yKatalog online BPK